Sung Studies Newsletter
محفوظ في:
التنسيق: دورية
اللغة: Undetermined
منشور في:
JSTOR
Society for Song, Yuan, and Conquest Dynasty Studies
الموضوعات:
الوصول للمادة أونلاين: Login to view Source
الوسوم: إضافة وسم
لا توجد وسوم, كن أول من يضع وسما على هذه التسجيلة!
رقم الطلب:
| LEADER | 00549nas a2200181Ia 4500 | ||
|---|---|---|---|
| 008 | 220214c99999999xx |||||||||||| ||und|| | ||
| 022 | |a 0049-254X | ||
| 022 | |a 2333-9942 | ||
| 245 | 0 | 0 | |a Sung Studies Newsletter |
| 264 | 1 | |b JSTOR | |
| 264 | 1 | |b Society for Song, Yuan, and Conquest Dynasty Studies | |
| 362 | 0 | |a (1970)-(1977) | |
| 653 | 1 | 0 | |a Asian Studies |
| 653 | 1 | 0 | |a History |
| 856 | 4 | 0 | |u https://www.jstor.org/journal/sungstudnews |
| 942 | |c JL | ||
| 952 | |0 0 |1 0 |4 0 |7 1 |9 37389 |a JSR |b JSR |d 2022-02-14 |l 0 |r 2022-02-14 00:00:00 |w 2022-02-14 |y JL | ||
| 999 | |c 45720 |d 45720 | ||
